Jean-Jacques Goldman : chansons album Minoritaire - Statistiques

Statistiques générales
  • Ce quiz a été pris 9 fois
  • Le résultat moyen est 9 sur 11
Statistiques - réponses
Chansons % Correct
Comme toi
100%
Je ne vous parlerai pas d'elle
100%
Minoritaire
100%
Quand la bouteille est vide
100%
Au bout de mes rêves
88%
Jeanine médicament blues
88%
Etre le premier
75%
Quand la musique est bonne
75%
Veiller tard
75%
Si tu m'emmènes
63%
Toutes mes chaines
63%
Aucun quiz correspondant
Distribution des résultats
% des personnes avec chaque résultat
Percentile par nombre de réponses
Votre historique - résultats
Vous n’avez pas pris ce quiz